The preeminence of international financial centers /

Bibliographic Details
Main Author: Reed, Howard Curtis
Format: Book
Language:English
Published: New York, N.Y. : Praeger, 1981.
Subjects:

MARC

Tag First Indicator Second Indicator Subfields
LEADER 00000pam a2200000 a 4500
001 in00000088449
005 20151008063219.0
008 810515s1981 nyu b 00110 eng
010 |a  81007374  
020 |a 0030593174 :  |c $20.95 
035 |a (OCoLC)07554057 
035 |9 AAK1798AM 
039 0 |a 2  |b 3  |c 3  |d 3  |e 3 
040 |a DLC  |c DLC  |d TXA  |d UtOrBLW 
049 |a TXAM  |c [1197174] 
050 0 0 |a HG3881  |b  R34 
082 0 |a 332.1/5  |2 19 
100 1 |a Reed, Howard Curtis. 
245 1 4 |a The preeminence of international financial centers /  |c Howard Curtis Reed. 
264 1 |a New York, N.Y. :  |b Praeger,  |c 1981. 
300 |a x, 148 pages ;  |c 25 cm. 
336 |a text  |b txt  |2 rdacontent 
337 |a unmediated  |b n  |2 rdamedia 
338 |a volume  |b nc  |2 rdacarrier 
500 |a Includes index. 
504 |a Bibliography: pages 142-145. 
650 0 |a International finance. 
650 0 |a Banks and banking, International. 
999 |a MARS 
999 f f |s 8023421e-bbdd-38ca-a4ce-c6c8bf36664b  |i 54c2aaf4-6739-34c2-be19-81ad3c2fbdbb  |t 0 
952 f f |p ric  |a Texas A&M University  |b Rellis Campus  |c Joint Library Facility  |d Remote Storage  |t 0  |e HG3881 R34  |h Library of Congress classification  |i unmediated -- volume  |m A14805969400 
998 f f |a HG3881 R34  |t 0  |l Remote Storage